Vainqueurs de la 2. Bundesliga - Statistiques

Statistiques générales
  • Ce quiz a été pris 31 fois
    3 depuis la dernière actualisation
  • Le résultat moyen est 21 sur 34
Statistiques - réponses
Saison Club % Correct
1999/2000 1. FC Cologne
100%
2004/2005 1. FC Cologne
100%
2013/2014 1. FC Cologne
100%
2018/2019 1. FC Cologne
100%
2024/2025 1. FC Cologne
100%
2022/2023 1. FC Heidenheim 1846
100%
2002/2003 Borussia Dortmund
100%
2023/2024 FC St. Pauli
100%
2021/2022 Schalke 04
100%
2025/2026 Schalke 04
100%
2011/2012 SpVgg Greuther Fürth
100%
2000/2001 1. FC Nuremberg
67%
2003/2004 1. FC Nuremberg
67%
1997/1998 Eintracht Francfort
67%
1994/1995 FC Hansa Rostock
67%
2001/2002 Hanovre 96
67%
2010/2011 Hertha BSC
67%
2012/2013 Hertha BSC
67%
1992/1993 SC Fribourg
67%
2008/2009 SC Fribourg
67%
2015/2016 SC Fribourg
67%
2016/2017 VfB Stuttgart
67%
1996/1997 1. FC Kaiserslautern
33%
2009/2010 1. FC Kaiserslautern
33%
2007/2008 Borussia Mönchengladbach
33%
2017/2018 Fortuna Düsseldorf
33%
2006/2007 Karlsruher SC
33%
1993/1994 VfL Bochum
33%
1995/1996 VfL Bochum
33%
2005/2006 VfL Bochum
33%
2020/2021 VfL Bochum
33%
1998/1999 DSC Arminia Bielefeld
0%
2019/2020 DSC Arminia Bielefeld
0%
2014/2015 FC Ingolstadt 04
0%
Aucun quiz correspondant
Distribution des résultats
% des personnes avec chaque résultat
Percentile par nombre de réponses
Votre historique - résultats
Vous n’avez pas pris ce quiz depuis la dernière actualisation